01014nam a22002177a 4500003000400000005001700004008004100021040000900062245021400071260005700285260008100342300001000423650002300433650005900456650003800515650006900553710004900622942001300671999001500684952009700699OSt20131213174201.0130522| ||||| |||| 00| 0 eng d cCDMR aEuropean handbook for Journalists' Unions to counter racism in mediacproduced by the International Federation of Journalists [...], Working Group Migranten & Media of the Netherlands Association of Jornalists a[Amsterdam]bInternational Federation of Journalists bMigranten & Media Group of the Netherlands Association of Jornalistsc[s.d.] a60 p.0493195aDrets humans0493819aRacisme en els mitjans de comunicació de massa0492777aComunicació intercultural049216aAssociacions de professionals i tècnicsxAspectes socials2 9997aInternational Federation of Journalists 2udccMON c6297d6297 00104071aCDMRbCDMRd2013-01-16l0oCi 1.1 /21pCDMR13056486r2013-05-22w2013-05-22yMON